| 000 | 00428nam a2200169 4500 | ||
|---|---|---|---|
| 020 | _a0131417622 | ||
| 040 | _cDLC | ||
| 082 | 0 | 0 | _a512 FRE 1973 A033 Or. |
| 100 | 1 | _aRichardson, Moses, | |
| 245 | 1 | 0 | _aCollege algebra |
| 250 | _a4th ed. | ||
| 260 |
_aEnglewood Cliffs, N.J., _bPrentice-Hall _c[1972, c1973] |
||
| 300 |
_axii, 468 p. _billus. _c24 cm. |
||
| 650 | 0 | _aAlgebra. | |
| 700 | 1 | _aRichardson, Leonard F. | |
| 942 | _cEK | ||
| 999 |
_c12219 _d12219 |
||